000 01156nam a2200229Ia 4500
001 B6788-48850
003 IT-MiCISF
005 20240613144618.0
008 161014s9999||||xx |||||||||||||| ||und||
040 _aIT-MiCISF
_cIT-MiCISF
041 _ait
100 _aFumagalli Aristide, Conci Alberto, Paleari Marco
_960778
245 0 _aIl cuore ferito. Perdere un amore restare nell'amore.
_bTre prospettive cristiane sui matrimoni falliti
260 _aCinisello Balsamo (MI),
_bSan Paolo,
_c2010
300 _app. 117
500 _adivorzio, nuove-nozze, matrimonio-sacramento, teologia, religioni-non-cattoliche
520 _aIl tema dei divorziati risposati è oggi tra i più sentiti nella Chiesa cattolica e nella società italiana. I tre AA. - teologi e pastoralisti - di questo agile volumetto indagano un problema che non riguarda solo il cattolicesimo, offrendo uno sguardo "ecumenico" sulla questione, senza evitare le domande più ardue sull'indissolubilità del matrimonio, sui fallimenti matrimoniali e sulla misericordia di Dio e nella Chiesa.
650 _aMatrimonio
_e012
654 _asaggio
942 _cBK
_2ddc
999 _c210220
_d210220
999 _bsi